[Event "SA-2019-0-00675"]
[Site "LSS email"]
[Date "2019.03.18"]
[Round "?"]
[White "Caillet, Serge"]
[Black "Esin, Maxim"]
[Result "1/2-1/2"]
[WhiteElo "2211"]
[BlackElo "2327"]
[PlyCount "51"]
[EventDate "2019.02.25"]
[EventType "tourn (corr)"]
[EventRounds "6"]
[EventCountry "GER"]
[SourceTitle "Corr 2022"]
[Source "ChessBase"]
[SourceDate "2021.10.24"]
[SourceVersion "1"]
[SourceVersionDate "2021.10.24"]
[SourceQuality "1"]

1. e4 c6 2. d4 d5 3. e5 c5 4. dxc5 e6 5. a3 Bxc5 6. Nf3 f6 7. b4 Be7 8. Bb2 a5 9. b5 Nd7 10. c4 Nxe5 11. Nxe5 fxe5 12. Bxe5 Nf6 13. Be2 0-0 14. 0-0 Nd7 15. Bg3 Nc5 16. Ra2 Ne4 17. Bf3 Ng5 18. Bg4 Ne4 19. Qd3 b6 20. Nd2 Nc5 21. Qe2 d4 22. Bf3 d3 23. Qe1 Bb7 24. Bxb7 Nxb7 25. Qxe6+ Rf7 26. Ne4 1/2-1/2

[Event "SA-2019-0-00675"]
[Site "LSS email"]
[Date "2019.03.18"]
[Round "?"]
[White "Langeveld, Michel"]
[Black "Caillet, Serge"]
[Result "1-0"]
[WhiteElo "2172"]
[BlackElo "2211"]
[PlyCount "53"]
[EventDate "2019.02.25"]
[EventType "tourn (corr)"]
[EventRounds "6"]
[EventCountry "GER"]
[SourceTitle "Corr 2022"]
[Source "ChessBase"]
[SourceDate "2021.10.24"]
[SourceVersion "1"]
[SourceVersionDate "2021.10.24"]
[SourceQuality "1"]

1. e4 g6 2. d4 Bg7 3. Nc3 d6 4. Be3 a6 5. Qd2 b5 6. f3 Nd7 7. h4 h6 8. 0-0-0 Bb7 9. Nh3 Ngf6 10. Kb1 c5 11. g4 b4 12. Ne2 Qc7 13. g5 hxg5 14. Nxg5 Nh7 15. Nxh7 Rxh7 16. h5 Rxh5 17. Rxh5 gxh5 18. Bh3 Bc6 19. dxc5 dxc5 20. Bf4 Ne5 21. Nc1 Qd6 22. Nd3 Nc4 23. Qc1 Qg6 24. Rg1 Qh7 25. Rg5 Bd4 26. Qe1 Rd8 27. Bc7 1-0

[Event "SA-2017-0-00565"]
[Site "LSS email"]
[Date "2017.02.14"]
[Round "?"]
[White "Caillet, Serge"]
[Black "Vera, Heraclio"]
[Result "1/2-1/2"]
[WhiteElo "2229"]
[BlackElo "2232"]
[PlyCount "63"]
[EventDate "2017.01.21"]
[EventType "tourn (corr)"]
[EventRounds "6"]
[EventCountry "GER"]
[SourceTitle "Corr 2022"]
[Source "ChessBase"]
[SourceDate "2021.10.24"]
[SourceVersion "1"]
[SourceVersionDate "2021.10.24"]
[SourceQuality "1"]

1. Nf3 Nf6 2. c4 c5 3. Nc3 Nc6 4. e3 g6 5. d4 cxd4 6. exd4 d5 7. cxd5 Nxd5 8. Bc4 Nb6 9. Bb3 Bg7 10. d5 Na5 11. 0-0 0-0 12. h3 Bf5 13. Re1 Re8 14. g4 Bc8 15. Be3 Nxb3 16. axb3 e5 17. Qd2 e4 18. Ng5 Bxc3 19. bxc3 Qxd5 20. Bd4 f6 21. Nxe4 Rxe4 22. Rxe4 Qxe4 23. Re1 Qd5 24. c4 Qd8 25. c5 Bxg4 26. hxg4 Nd5 27. Qe2 Qd7 28. Rd1 Qf7 29. Qc4 Nc7 30. Bxf6 Qxc4 31. bxc4 a5 32. Rd7 1/2-1/2

[Event "CP-2016-Q-00006"]
[Site "LSS email"]
[Date "2016.11.23"]
[Round "?"]
[White "Caillet, Serge"]
[Black "Hernandez Molina, David Enrique"]
[Result "1/2-1/2"]
[WhiteElo "2229"]
[BlackElo "2262"]
[PlyCount "48"]
[EventDate "2016.12.01"]
[EventType "tourn (corr)"]
[EventRounds "6"]
[EventCountry "GER"]
[SourceTitle "Corr 2022"]
[Source "ChessBase"]
[SourceDate "2021.10.24"]
[SourceVersion "1"]
[SourceVersionDate "2021.10.24"]
[SourceQuality "1"]

1. Nf3 Nf6 2. g3 d5 3. Bg2 e6 4. 0-0 c5 5. d4 cxd4 6. Nxd4 e5 7. Nb3 Be6 8. Nc3 Be7 9. f4 exf4 10. gxf4 g6 11. Kh1 Nc6 12. Be3 0-0 13. Nd4 Rc8 14. f5 Ng4 15. Bg1 Nxd4 16. fxe6 Nxe6 17. Nxd5 Bc5 18. e3 h5 19. h3 Bd6 20. Nf4 Re8 21. Qd3 Nc5 22. Qd4 Nh6 23. e4 b6 24. Rad1 Bxf4 1/2-1/2

[Event "CP-2016-Q-00006"]
[Site "LSS email"]
[Date "2016.11.23"]
[Round "?"]
[White "Egorov, Vladimir Al"]
[Black "Caillet, Serge"]
[Result "1/2-1/2"]
[WhiteElo "2140"]
[BlackElo "2229"]
[PlyCount "90"]
[EventDate "2016.12.01"]
[EventType "tourn (corr)"]
[EventRounds "6"]
[EventCountry "GER"]
[SourceTitle "Corr 2022"]
[Source "ChessBase"]
[SourceDate "2021.10.24"]
[SourceVersion "1"]
[SourceVersionDate "2021.10.24"]
[SourceQuality "1"]

1. d4 Nf6 2. c4 g6 3. Nc3 Bg7 4. e4 d6 5. f3 0-0 6. Be3 c5 7. Nge2 Nc6 8. dxc5 dxc5 9. Qxd8 Rxd8 10. Bxc5 b6 11. Ba3 Bb7 12. Nd5 e6 13. Ne7+ Nxe7 14. Bxe7 Re8 15. Ba3 Nd7 16. Rd1 Ne5 17. b3 a5 18. Bc1 a4 19. Bf4 Nc6 20. Kf2 axb3 21. axb3 Ra2 22. Rd7 Ba6 23. Kg3 Rb2 24. Nc1 Nd4 25. Ra7 Bc8 26. Bd6 Nxb3 27. Nxb3 Rxb3 28. e5 Rb1 29. Kf2 Bf8 30. Rg1 Rd8 31. Ra8 Bh6 32. Rb8 Bd2 33. Bd3 Be3+ 34. Kxe3 Rxg1 35. Rxb6 Rxg2 36. c5 Ra2 37. Be4 g5 38. h4 gxh4 39. Be7 Re8 40. Bxh4 Ba6 41. c6 Rc8 42. Be7 h5 43. Kf4 Kg7 44. Rb1 Ra4 45. Kg5 Rxe4 1/2-1/2

[Event "CP-2016-P-00053"]
[Site "LSS email"]
[Date "2016.09.27"]
[Round "?"]
[White "Degn, Bruci"]
[Black "Caillet, Serge"]
[Result "1/2-1/2"]
[WhiteElo "1400"]
[BlackElo "2226"]
[PlyCount "61"]
[EventDate "2016.10.01"]
[EventType "tourn (corr)"]
[EventRounds "6"]
[EventCountry "GER"]
[SourceTitle "Corr 2022"]
[Source "ChessBase"]
[SourceDate "2021.10.24"]
[SourceVersion "1"]
[SourceVersionDate "2021.10.24"]
[SourceQuality "1"]

1. e4 g6 2. d4 Bg7 3. Nc3 d6 4. f4 a6 5. Nf3 b5 6. Bd3 Bb7 7. e5 c5 8. dxc5 dxe5 9. Nxe5 Nf6 10. Be3 Qc7 11. 0-0 0-0 12. b4 Nbd7 13. Nxd7 Qxd7 14. Qe2 Ng4 15. Bd2 e5 16. Be4 Bxe4 17. Nxe4 exf4 18. Rad1 Rae8 19. Bxf4 Qf5 20. h3 Rxe4 21. Qxg4 Qxg4 22. hxg4 Rxb4 23. Rd7 Bd4+ 24. Kh2 Bxc5 25. Bh6 Re8 26. Rfxf7 Bd6+ 27. g3 Be5 28. Kh3 Rb1 29. Bg7 Re1 30. g5 Rd8 31. Ra7 1/2-1/2

[Event "CP-2016-P-00053"]
[Site "LSS email"]
[Date "2016.09.27"]
[Round "?"]
[White "Domanov, Dmitry"]
[Black "Caillet, Serge"]
[Result "1-0"]
[WhiteElo "2538"]
[BlackElo "2226"]
[PlyCount "83"]
[EventDate "2016.10.01"]
[EventType "tourn (corr)"]
[EventRounds "6"]
[EventCountry "GER"]
[SourceTitle "Corr 2022"]
[Source "ChessBase"]
[SourceDate "2021.10.24"]
[SourceVersion "1"]
[SourceVersionDate "2021.10.24"]
[SourceQuality "1"]

1. e4 e5 2. Nf3 Nc6 3. Bb5 g6 4. d4 exd4 5. Bg5 Be7 6. Bxe7 Ngxe7 7. Nxd4 0-0 8. Nc3 d6 9. 0-0 Bd7 10. a3 a6 11. Be2 b5 12. Qd2 Qb8 13. Nf3 Bg4 14. Kh1 Qb6 15. Rad1 Rad8 16. b4 f6 17. h3 Bxf3 18. Bxf3 Ne5 19. Be2 c6 20. f4 Nf7 21. Bf3 Rfe8 22. Rfe1 Kg7 23. Ne2 c5 24. Bg4 d5 25. bxc5 Qxc5 26. Nd4 Nc6 27. Ne6+ Rxe6 28. Bxe6 dxe4 29. Qc1 Rxd1 30. Qxd1 f5 31. Qd7 Ncd8 32. Bb3 Qf2 33. Rd1 Qxf4 34. Qe7 e3 35. Re1 e2 36. Qxe2 Nd6 37. Qe7+ N8f7 38. Qa7 Qd2 39. Re7 Qc1+ 40. Qg1 Qxg1+ 41. Kxg1 Kf6 42. Rd7 1-0

[Event "WC-2016-Q-00016"]
[Site "LSS email"]
[Date "2016.08.29"]
[Round "?"]
[White "Caillet, Serge"]
[Black "Boehme, Sebastian"]
[Result "1/2-1/2"]
[WhiteElo "2225"]
[BlackElo "2482"]
[PlyCount "60"]
[EventDate "2016.09.03"]
[EventType "tourn (corr)"]
[EventRounds "12"]
[EventCountry "GER"]
[SourceTitle "Corr 2022"]
[Source "ChessBase"]
[SourceDate "2021.10.24"]
[SourceVersion "1"]
[SourceVersionDate "2021.10.24"]
[SourceQuality "1"]

1. c4 e5 2. g3 Nf6 3. Bg2 d5 4. cxd5 Nxd5 5. Nc3 Nb6 6. Nf3 Nc6 7. 0-0 Be7 8. Rb1 a5 9. d3 Be6 10. Be3 0-0 11. a3 Nd5 12. Nxd5 Bxd5 13. Qa4 Qc8 14. Rbc1 Rd8 15. Bc5 Bf6 16. Rfe1 h6 17. h4 Ra6 18. e4 Be6 19. d4 Nxd4 20. Bxd4 exd4 21. e5 Bd7 22. Qc2 Rc6 23. Qe4 Rxc1 24. Rxc1 Be7 25. Nxd4 c5 26. b4 axb4 27. axb4 Bg4 28. e6 Bxe6 29. Nxe6 Qxe6 30. Qxe6 fxe6 1/2-1/2

[Event "WC-2016-Q-00016"]
[Site "LSS email"]
[Date "2016.08.29"]
[Round "?"]
[White "Caillet, Serge"]
[Black "Sarakenidis, Nikolaos"]
[Result "0-1"]
[WhiteElo "2225"]
[BlackElo "2366"]
[PlyCount "68"]
[EventDate "2016.09.03"]
[EventType "tourn (corr)"]
[EventRounds "12"]
[EventCountry "GER"]
[SourceTitle "Corr 2022"]
[Source "ChessBase"]
[SourceDate "2021.10.24"]
[SourceVersion "1"]
[SourceVersionDate "2021.10.24"]
[SourceQuality "1"]

1. e4 c5 2. Nc3 Nc6 3. g3 g6 4. Bg2 Bg7 5. f4 d6 6. d3 e5 7. Nh3 Nge7 8. 0-0 Nd4 9. Nd5 Nxd5 10. exd5 0-0 11. c3 Nf5 12. Nf2 b6 13. Ne4 h5 14. Rb1 Bb7 15. c4 Bc8 16. b4 Nd4 17. bxc5 Bg4 18. Qd2 exf4 19. gxf4 bxc5 20. h3 Ne2+ 21. Kh2 Nxc1 22. Rfxc1 Bf5 23. Ng5 Rb8 24. Rxb8 Qxb8 25. Be4 Bd7 26. Rf1 Qb4 27. Qxb4 cxb4 28. f5 gxf5 29. Bxf5 Bxf5 30. Rxf5 a5 31. Ne4 a4 32. Nf6+ Bxf6 33. Rxf6 a3 34. Rxd6 b3 0-1

[Event "BI-2016-F-0000"]
[Site "LSS email"]
[Date "2016.02.14"]
[Round "?"]
[White "Kolar, Jaroslav"]
[Black "Caillet, Serge"]
[Result "1/2-1/2"]
[WhiteElo "2191"]
[BlackElo "2168"]
[PlyCount "89"]
[EventDate "2016.02.20"]
[EventType "tourn (corr)"]
[EventRounds "10"]
[EventCountry "GER"]
[SourceTitle "Corr 2022"]
[Source "ChessBase"]
[SourceDate "2021.10.24"]
[SourceVersion "1"]
[SourceVersionDate "2021.10.24"]
[SourceQuality "1"]

1. d4 g6 2. c4 Bg7 3. Nc3 Nf6 4. e4 d6 5. f3 0-0 6. Be3 Nc6 7. Nge2 a6 8. Qd2 Bd7 9. Nc1 Nh5 10. Nb3 f5 11. exf5 gxf5 12. Be2 f4 13. Bf2 a5 14. d5 Ne5 15. g4 a4 16. Nd4 Nf6 17. h4 c5 18. Ndb5 Bxg4 19. fxg4 f3 20. Bf1 Nfxg4 21. Rg1 Kh8 22. Ne4 Qd7 23. 0-0-0 Qf5 24. Ng5 a3 25. Nxa3 Rxa3 26. bxa3 Nxf2 27. Qxf2 Nxc4 28. Bxc4 Qe5 29. Ne4 Qxe4 30. Bb3 Bh6+ 31. Kb2 Qe5+ 32. Kb1 Be3 33. Qg3 Bxg1 34. Qxe5+ dxe5 35. Rxg1 e4 36. Kc2 c4 37. Bxc4 Rc8 38. Kb3 b5 39. Bxb5 Rb8 40. a4 e3 41. Kc2 f2 42. Rf1 Rxb5 43. Kd3 Rxd5+ 44. Kxe3 Ra5 45. Rxf2 1/2-1/2

[Event "BI-2016-F-0000"]
[Site "LSS email"]
[Date "2016.02.14"]
[Round "?"]
[White "Silkin, Alexey"]
[Black "Caillet, Serge"]
[Result "1/2-1/2"]
[WhiteElo "2234"]
[BlackElo "2168"]
[PlyCount "59"]
[EventDate "2016.02.20"]
[EventType "tourn (corr)"]
[EventRounds "10"]
[EventCountry "GER"]
[SourceTitle "Corr 2022"]
[Source "ChessBase"]
[SourceDate "2021.10.24"]
[SourceVersion "1"]
[SourceVersionDate "2021.10.24"]
[SourceQuality "1"]

1. Nf3 g6 2. d4 Bg7 3. e4 d6 4. Nc3 a6 5. h3 b5 6. Bd3 Bb7 7. 0-0 Nd7 8. a4 b4 9. Nd5 Bxd5 10. exd5 Ngf6 11. Bg5 Nxd5 12. Qe2 Ra7 13. Bxa6 Qa8 14. Bd3 0-0 15. Rae1 Rc8 16. b3 e6 17. Qd2 c5 18. Be4 c4 19. Bxd5 Qxd5 20. Qxb4 cxb3 21. Qxb3 Qa5 22. Bf4 Qxa4 23. Ra1 Qxa1 24. Rxa1 Rxa1+ 25. Kh2 d5 26. Qb7 Rd8 27. Bg5 f6 28. Bd2 Nf8 29. Bb4 Raa8 30. c3 1/2-1/2

[Event "CP-2015-P-00053"]
[Site "LSS email"]
[Date "2015.09.28"]
[Round "?"]
[White "Konstantinov, Maxim"]
[Black "Caillet, Serge"]
[Result "1-0"]
[WhiteElo "2438"]
[BlackElo "2142"]
[PlyCount "123"]
[EventDate "2015.10.01"]
[EventType "tourn (corr)"]
[EventRounds "6"]
[EventCountry "GER"]
[SourceTitle "Corr 2022"]
[Source "ChessBase"]
[SourceDate "2021.10.24"]
[SourceVersion "1"]
[SourceVersionDate "2021.10.24"]
[SourceQuality "1"]

1. d4 Nf6 2. c4 g6 3. Nc3 Bg7 4. e4 0-0 5. Nf3 d6 6. h3 e5 7. d5 a5 8. g4 Na6 9. Be3 c6 10. Be2 Nc5 11. Nd2 a4 12. Qc2 Qa5 13. a3 Bd7 14. 0-0-0 Rfc8 15. Kb1 Rab8 16. g5 Nh5 17. Bxh5 gxh5 18. Rhg1 b5 19. Bxc5 dxc5 20. dxc6 Bxc6 21. cxb5 Bxb5 22. Nd5 Kh8 23. Ka1 Qa6 24. Rg3 Rd8 25. h4 Qb7 26. Rc3 Bc6 27. Nc4 Bxd5 28. Rcd3 f6 29. gxf6 Bxf6 30. exd5 e4 31. R3d2 Qb3 32. d6 Bd4 33. Qxb3 Rxb3 34. Re1 Rd3 35. Rde2 Bf6 36. Kb1 Bxh4 37. Rh1 Bf6 38. Rxh5 Rd1+ 39. Kc2 Rd4 40. Rxc5 Kg8 41. Rc7 h5 42. Re1 Kh8 43. Rd1 h4 44. Rxd4 Bxd4 45. Re7 h3 46. Rxe4 Bxf2 47. Re5 Kg7 48. Rh5 Rh8 49. d7 Rd8 50. Nd2 Rxd7 51. Rxh3 Re7 52. Rf3 Be1 53. Nc4 Bh4 54. Ne3 Rc7+ 55. Kb1 Bg5 56. Nd5 Rc4 57. Rd3 Rg4 58. Nb6 Kg6 59. Rd6+ Kh5 60. Re6 Bd8 61. Nd5 Bg5 62. Ra6 1-0

[Event "CP-2015-P-00053"]
[Site "LSS email"]
[Date "2015.09.28"]
[Round "?"]
[White "Luers, Lavas"]
[Black "Caillet, Serge"]
[Result "1/2-1/2"]
[WhiteElo "2023"]
[BlackElo "2142"]
[PlyCount "107"]
[EventDate "2015.10.01"]
[EventType "tourn (corr)"]
[EventRounds "6"]
[EventCountry "GER"]
[SourceTitle "Corr 2022"]
[Source "ChessBase"]
[SourceDate "2021.10.24"]
[SourceVersion "1"]
[SourceVersionDate "2021.10.24"]
[SourceQuality "1"]

1. e4 g6 2. d4 Bg7 3. Nc3 a6 4. h4 h5 5. Nf3 b5 6. a4 b4 7. Nd5 Bb7 8. Bg5 Bxd5 9. exd5 Nf6 10. Bc4 c6 11. d6 exd6 12. Qe2+ Qe7 13. Qxe7+ Kxe7 14. d5 Re8 15. 0-0-0 Kf8 16. dxc6 dxc6 17. Rxd6 Ne4 18. Rd8 Rxd8 19. Bxd8 Nd7 20. Ba5 Rb8 21. Ng5 Nxg5 22. hxg5 Be5 23. Kb1 Nc5 24. Re1 Bd6 25. b3 Nb7 26. Bb6 a5 27. Rd1 Bc5 28. Bc7 Re8 29. f4 Be3 30. Be5 Rd8 31. Rxd8+ Nxd8 32. Bc7 Ne6 33. Bxe6 fxe6 34. Bxa5 Bxf4 35. Bxb4+ Ke8 36. c4 Bxg5 37. Kc2 Be7 38. Bxe7 Kxe7 39. b4 h4 40. a5 Kd6 41. a6 Kc7 42. Kd3 g5 43. Ke4 Kb6 44. b5 cxb5 45. cxb5 Ka7 46. Ke5 Kb6 47. Kxe6 g4 48. Kd6 h3 49. a7 Kxa7 50. gxh3 gxh3 51. Kc7 h2 52. b6+ Ka6 53. b7 h1Q 54. b8Q 1/2-1/2

[Event "SA-2015-0-00477"]
[Site "LSS email"]
[Date "2015.07.11"]
[Round "?"]
[White "Caillet, Serge"]
[Black "Kahl, Fred"]
[Result "1/2-1/2"]
[WhiteElo "2128"]
[BlackElo "2346"]
[PlyCount "63"]
[EventDate "2015.06.15"]
[EventType "tourn (corr)"]
[EventRounds "6"]
[EventCountry "GER"]
[SourceTitle "Corr 2022"]
[Source "ChessBase"]
[SourceDate "2021.10.24"]
[SourceVersion "1"]
[SourceVersionDate "2021.10.24"]
[SourceQuality "1"]

1. Nf3 Nf6 2. c4 g6 3. g3 Bg7 4. Bg2 0-0 5. 0-0 c5 6. d4 cxd4 7. Nxd4 d5 8. cxd5 Nxd5 9. Nc3 Nxc3 10. bxc3 Qc7 11. Rb1 Nc6 12. Nxc6 bxc6 13. Bf4 e5 14. Be3 Bf5 15. Rb4 Rfc8 16. Qa4 Be6 17. Rd1 Bf8 18. Rb2 Rd8 19. Rxd8 Rxd8 20. h4 f5 21. Qxa7 Qxa7 22. Bxa7 Ra8 23. Be3 Rxa2 24. Rxa2 Bxa2 25. Bxc6 Bc4 26. Kf1 Kf7 27. Ke1 Ke6 28. Kd2 Kd6 29. Ba4 Ke6 30. Bc2 Bd6 31. f3 Bd5 32. Bg5 1/2-1/2

[Event "SA-2015-0-00477"]
[Site "LSS email"]
[Date "2015.07.11"]
[Round "?"]
[White "Jarabinsky, Martin"]
[Black "Caillet, Serge"]
[Result "1/2-1/2"]
[WhiteElo "2254"]
[BlackElo "2128"]
[PlyCount "82"]
[EventDate "2015.06.15"]
[EventType "tourn (corr)"]
[EventRounds "6"]
[EventCountry "GER"]
[SourceTitle "Corr 2022"]
[Source "ChessBase"]
[SourceDate "2021.10.24"]
[SourceVersion "1"]
[SourceVersionDate "2021.10.24"]
[SourceQuality "1"]

1. e4 e5 2. Nf3 Nc6 3. Bc4 Bc5 4. c3 Nf6 5. d3 0-0 6. 0-0 d5 7. exd5 Nxd5 8. Re1 Bg4 9. Nbd2 Nb6 10. h3 Bh5 11. b4 Be7 12. g4 Bg6 13. b5 Na5 14. Nxe5 Bf6 15. Nxg6 hxg6 16. Ne4 Naxc4 17. dxc4 Nxc4 18. Bf4 Be5 19. Qe2 Bxf4 20. Qxc4 c6 21. Rad1 Qc7 22. bxc6 Rac8 23. Kg2 Qxc6 24. Qxc6 Rxc6 25. Rd7 Bc7 26. Re2 b5 27. Rd5 a6 28. Rc5 Rxc5 29. Nxc5 Ra8 30. a4 bxa4 31. Nxa4 Rd8 32. Kf3 g5 33. Re7 Rc8 34. c4 Bd6 35. Re4 Rc6 36. Ke3 f6 37. Kd3 Kf7 38. Re2 Bb4 39. Rc2 Rd6+ 40. Ke4 Re6+ 41. Kd5 Rd6+ 1/2-1/2

[Event "SA-2015-0-00477"]
[Site "LSS email"]
[Date "2015.07.11"]
[Round "?"]
[White "Lubas, Jozef"]
[Black "Caillet, Serge"]
[Result "1/2-1/2"]
[WhiteElo "2144"]
[BlackElo "2128"]
[PlyCount "59"]
[EventDate "2015.06.15"]
[EventType "tourn (corr)"]
[EventRounds "6"]
[EventCountry "GER"]
[SourceTitle "Corr 2022"]
[Source "ChessBase"]
[SourceDate "2021.10.24"]
[SourceVersion "1"]
[SourceVersionDate "2021.10.24"]
[SourceQuality "1"]

1. e4 g6 2. d4 Bg7 3. Nf3 d6 4. Be2 Nd7 5. Nc3 c6 6. 0-0 Qc7 7. Be3 Ngf6 8. a4 0-0 9. Qd2 b6 10. Bh6 Bb7 11. Bxg7 Kxg7 12. Qe3 e5 13. dxe5 dxe5 14. Rfd1 Rfd8 15. a5 Nc5 16. h3 Rxd1+ 17. Rxd1 Re8 18. b4 Ne6 19. axb6 axb6 20. Bc4 h6 21. Bb3 Re7 22. Bxe6 Rxe6 23. Ne1 Re8 24. Na4 c5 25. bxc5 Nxe4 26. cxb6 Qc6 27. Qa3 Ra8 28. Qe7 Rxa4 29. Rd7 Qf6 30. Qxf6+ 1/2-1/2

[Event "BI-2015-P-0000"]
[Site "LSS email"]
[Date "2015.04.16"]
[Round "?"]
[White "Alexandre Bisquert, Francisco"]
[Black "Caillet, Serge"]
[Result "0-1"]
[WhiteElo "2051"]
[BlackElo "2109"]
[PlyCount "78"]
[EventDate "2015.04.22"]
[EventType "tourn (corr)"]
[EventRounds "10"]
[EventCountry "GER"]
[SourceTitle "Corr 2022"]
[Source "ChessBase"]
[SourceDate "2021.10.24"]
[SourceVersion "1"]
[SourceVersionDate "2021.10.24"]
[SourceQuality "1"]

1. e4 g6 2. d4 Bg7 3. Nf3 d6 4. Be2 Nd7 5. 0-0 e5 6. Bg5 Ngf6 7. dxe5 dxe5 8. Nc3 h6 9. Be3 0-0 10. Qd3 Ng4 11. Bc1 Nc5 12. Qc4 b6 13. Rd1 Qe8 14. b4 Be6 15. Nd5 Nxe4 16. Qxe4 f5 17. Qc4 Kh7 18. h3 c6 19. hxg4 fxg4 20. Nh2 cxd5 21. Qb3 h5 22. Bb2 Rc8 23. Bd3 d4 24. Qa3 Bd5 25. Rd2 e4 26. Re1 e3 27. fxe3 Qe7 28. Ree2 g3 29. Nf3 Bxf3 30. gxf3 Rxf3 31. Bxd4 Rcf8 32. Bxg6+ Kxg6 33. Qd3+ Kh6 34. Bxg7+ Qxg7 35. Re1 Qg4 36. Qd6+ R3f6 37. Qd7 Qxd7 38. Rxd7 h4 39. Rd4 Kg5 0-1

[Event "BI-2015-P-0000"]
[Site "LSS email"]
[Date "2015.04.16"]
[Round "?"]
[White "Caillet, Serge"]
[Black "Malmstrom, Jan"]
[Result "1-0"]
[WhiteElo "2109"]
[BlackElo "1814"]
[PlyCount "105"]
[EventDate "2015.04.22"]
[EventType "tourn (corr)"]
[EventRounds "10"]
[EventCountry "GER"]
[SourceTitle "Corr 2022"]
[Source "ChessBase"]
[SourceDate "2021.10.24"]
[SourceVersion "1"]
[SourceVersionDate "2021.10.24"]
[SourceQuality "1"]

1. Nf3 d5 2. g3 Nf6 3. Bg2 c6 4. 0-0 Bf5 5. c4 e6 6. cxd5 exd5 7. d3 Be7 8. Qb3 Qb6 9. Qc2 0-0 10. Nc3 h6 11. e4 Bh7 12. Be3 Qa5 13. a3 Re8 14. Qb3 Qa6 15. exd5 Nbd7 16. d4 Bd3 17. dxc6 bxc6 18. Rfc1 Rab8 19. Qa4 Ng4 20. Qxa6 Bxa6 21. b4 Nxe3 22. fxe3 Rbd8 23. Kf2 Bf8 24. Na4 Bb5 25. Nc5 Bxc5 26. bxc5 Bd3 27. Nd2 Re6 28. Rc3 Bh7 29. Rac1 Nf6 30. Rb3 Ng4+ 31. Ke2 g5 32. Nc4 Rxd4 33. h3 Nf6 34. Nd6 g4 35. hxg4 Bg6 36. Bxc6 Rxg4 37. Kf2 Kg7 38. Bf3 Rg5 39. Rb4 Bh5 40. Bxh5 Rxh5 41. g4 Rxc5 42. Rxc5 Rxd6 43. g5 Nh7 44. gxh6+ Kxh6 45. Ra5 Rd7 46. Rba4 Ng5 47. Rxa7 Rd2+ 48. Kf1 Kg6 49. R7a6+ Ne6 50. Rg4+ Kf5 51. Rg2 Rd7 52. Rb2 Rc7 53. Ke2 1-0

[Event "BI-2015-P-0000"]
[Site "LSS email"]
[Date "2015.04.16"]
[Round "?"]
[White "Zmolil, Karel"]
[Black "Caillet, Serge"]
[Result "0-1"]
[WhiteElo "1270"]
[BlackElo "2109"]
[PlyCount "42"]
[EventDate "2015.04.22"]
[EventType "tourn (corr)"]
[EventRounds "10"]
[EventCountry "GER"]
[SourceTitle "Corr 2022"]
[Source "ChessBase"]
[SourceDate "2021.10.24"]
[SourceVersion "1"]
[SourceVersionDate "2021.10.24"]
[SourceQuality "1"]

1. e4 g6 2. d4 Bg7 3. Nc3 a6 4. Be3 d6 5. Qd2 b5 6. h4 Nf6 7. f3 Bb7 8. 0-0-0 h5 9. Nh3 Nbd7 10. Ng5 e6 11. g3 0-0 12. Kb1 Qe7 13. Ne2 c5 14. Bh3 cxd4 15. Nxd4 Ne5 16. b3 Rfe8 17. f4 Neg4 18. Bxg4 Nxg4 19. Rhe1 e5 20. fxe5 dxe5 21. Ndf3 f6 0-1

[Event "WC-2015-P-00019"]
[Site "LSS email"]
[Date "2015.01.19"]
[Round "?"]
[White "Caillet, Serge"]
[Black "Krause, Peter"]
[Result "1/2-1/2"]
[WhiteElo "2096"]
[BlackElo "2396"]
[PlyCount "105"]
[EventDate "2015.01.25"]
[EventType "tourn (corr)"]
[EventRounds "12"]
[EventCountry "GER"]
[SourceTitle "Corr 2022"]
[Source "ChessBase"]
[SourceDate "2021.10.24"]
[SourceVersion "1"]
[SourceVersionDate "2021.10.24"]
[SourceQuality "1"]

1. g3 e5 2. c4 Nf6 3. Bg2 c6 4. d4 exd4 5. Qxd4 Na6 6. Nf3 Bc5 7. Qe5+ Be7 8. Nc3 0-0 9. 0-0 Re8 10. Qd4 Nc5 11. Rd1 a5 12. b3 Bf8 13. Bg5 Be7 14. Qd2 Ne6 15. Be3 Ng4 16. Bd4 d6 17. Rac1 Nxd4 18. Nxd4 Bg5 19. f4 Be7 20. e4 Nf6 21. h3 g6 22. Rc2 Nd7 23. Qf2 Qc7 24. Rcd2 Nc5 25. g4 Bf8 26. Nc2 Bd7 27. f5 Rad8 28. Nd4 Bg7 29. Kh1 Be5 30. Qh4 Bc8 31. f6 h6 32. Rf1 Kh7 33. g5 h5 34. Nce2 Rh8 35. Nf5 gxf5 36. exf5 d5 37. cxd5 Kg8 38. Qf2 cxd5 39. Rxd5 Rxd5 40. Bxd5 Qd6 41. Qg2 Kf8 42. g6 Qxf6 43. gxf7 Ke7 44. Qg8 Bd7 45. Nf4 Bxf4 46. Rxf4 Bc6 47. Bxc6 Qxc6+ 48. Kh2 Qf6 49. f8Q+ Qxf8 50. Qd5 Kf6 51. Qd4+ Kf7 52. Qd5+ Kf6 53. Qd4+ 1/2-1/2

[Event "WC-2015-P-00019"]
[Site "LSS email"]
[Date "2015.01.19"]
[Round "?"]
[White "Caillet, Serge"]
[Black "Latib, Yunus"]
[Result "1/2-1/2"]
[WhiteElo "2096"]
[BlackElo "2115"]
[PlyCount "49"]
[EventDate "2015.01.25"]
[EventType "tourn (corr)"]
[EventRounds "12"]
[EventCountry "GER"]
[SourceTitle "Corr 2022"]
[Source "ChessBase"]
[SourceDate "2021.10.24"]
[SourceVersion "1"]
[SourceVersionDate "2021.10.24"]
[SourceQuality "1"]

1. Nf3 Nf6 2. g3 d5 3. Bg2 c5 4. 0-0 Nc6 5. d4 cxd4 6. Nxd4 e5 7. Nxc6 bxc6 8. c4 Be6 9. Qa4 Qd7 10. Rd1 Rc8 11. Nc3 d4 12. e3 Be7 13. exd4 exd4 14. Bg5 0-0 15. c5 d3 16. Bxf6 Bxf6 17. Ne4 Bxb2 18. Rab1 Be5 19. Nd6 Bxd6 20. Rxd3 Bxc5 21. Rxd7 Bxd7 22. Rd1 Rcd8 23. h4 Bb6 24. a3 h5 25. Bf3 1/2-1/2